000 01151nam a22003375b 4500
001 000273
003 DO-SdBNP
005 20240123105808.0
007 000273
008 921202s1992 sp | |||| ||spa
017 _a
_b
020 _a8439280718
035 _a
040 _aBPMSU
_bspa
_cBPMSU
_e
082 4 _a843.5
_bL599b 1992
_222
100 1 _aLeprince de Beaumont, Jeanne Marie,
_d1711-1780.
245 1 3 _aLa bella y la bestia y otros cuentos /
_h
_cMadame Leprince de Beaumont, Madame d'Alnoy ; ilustraciones de Ángel Domínguez ; traducción, Elena del Amo
260 _a[Madrid] :
_bEdiciones Gaviota,
_c1992
300 _a176 p. :
_bil. ;
_c20 cm
490 0 _aColección Trébol
534 _aTítulo original :
_t La belle et la Bête
590 _aInventariado, 2024/VM
650 4 _aCuentos infantiles franceses.
650 4 _aFealdad
_vCuentos infantiles.
650 4 _aBelleza personal
_vCuentos infantiles
700 1 _aDomínguez, Ángel
_eilustraciones
700 1 _aAmo, Elena del
_etraducción
740 3 1 _aLa bella y la bestia.
910 _aVMateo V. Control de calidad. BPMSU
942 _2ddc
_cBK
999 _c11002
_d11002